000 00486pam a2200169 a 4500
999 _c4587
_d4587
020 _a0070921180
050 0 0 _aQP303
_b.H35 1999
100 1 _aHall, Susan J.
245 1 0 _aBasic biomechanics /
_cSusan J. Hall.
250 _a3rd ed.
260 _aBoston :
_bWCB/McGraw-Hill,
_cc1999.
300 _axix, 577 p. :
_bill. ;
_c25 cm.
500 _aIncludes bibliographical references and index
650 0 _aBiomechanics.
650 0 _aBiomechanics
_xProblems, exercises, etc.
942 _cBK